|
|
|
|
| LEADER |
00000cam a2200000 4500 |
| 001 |
vtls011906089 |
| 003 |
SK-MaSNL |
| 005 |
20260302060559.0 |
| 008 |
240124s2016 xo a grn 000 0 eng |
| 015 |
|
|
|a SNBA2021/02
|
| 020 |
|
|
|a 9788056103760
|q (Verbum ;
|q brožované)
|
| 020 |
|
|
|a 9788387897208
|q (WSWBJ ;
|q brožované)
|
| 035 |
|
|
|a urn:nbn:sk:snk-am00g4w4
|
| 035 |
|
|
|a urn:nbn:sk:snk-am3iymu
|
| 035 |
|
|
|a 949A36EA-E50A-4CF1-98F3-190F39748749
|
| 040 |
|
|
|a SNK
|b slo
|c SNK
|e rda
|
| 041 |
0 |
|
|a eng
|
| 044 |
|
|
|a xo
|c SK
|
| 072 |
|
7 |
|a 37
|x Výchova a vzdelávanie
|2 konspekt
|
| 072 |
|
7 |
|a 316.4/.7
|x Sociálne interakcie
|2 konspekt
|
| 080 |
|
|
|a 37.0:316.774
|2 2001
|
| 080 |
|
|
|a 316.77
|2 2011
|
| 080 |
|
|
|a (082)
|2 2011
|
| 245 |
0 |
0 |
|a Man - Media - Communication
|c pod red. Katarzyny Bocheńskiej-Włostowskiej, Anny Janus
|
| 246 |
3 |
4 |
|a Communication Man Media
|
| 264 |
|
1 |
|a Ružomberok
|b [Verbum]
|a Warszawa
|b [Wydawnictwo Szkoły Wyższej im. Bogdana Jańskiego]
|c 2016
|
| 300 |
|
|
|a 131 strán
|b grafy, tabuľky
|c 21 cm
|
| 336 |
|
|
|a text
|b txt
|2 rdacontent
|
| 337 |
|
|
|a bez média
|b n
|2 rdamedia
|
| 338 |
|
|
|a zväzok
|b nc
|2 rdacarrier
|
| 500 |
|
|
|a Slovenský vydavateľ podľa NA ISBN ; zahraničný vydavateľ podľa internetových zdrojov
|
| 504 |
|
|
|a Obsahuje bibliografiu a bibliografické odkazy
|
| 648 |
|
7 |
|a 1901-2000
|2 SNKPH
|9 335970
|
| 648 |
|
7 |
|a 1989-2000
|2 SNKPH
|9 396125
|
| 650 |
0 |
7 |
|a mediálna výchova
|2 SNKPH
|9 69210
|
| 650 |
0 |
7 |
|a sociálna komunikácia
|2 SNKPH
|9 1396
|
| 650 |
0 |
7 |
|a Media education
|2 SNKPHeng
|9 323889
|
| 650 |
0 |
7 |
|a Social communication
|2 SNKPHeng
|9 267826
|
| 655 |
|
7 |
|a zborníky
|2 SNKPH
|9 70165
|
| 655 |
|
7 |
|a Papers of several authors
|2 SNKPHeng
|9 153738
|
| 700 |
1 |
|
|a Bocheńska-Włostowska, Katarzyna
|4 red
|9 718384
|
| 700 |
1 |
|
|a Janus, Anna
|c (sociológ)
|4 red
|9 718385
|
| 710 |
2 |
|
|a Wydawnictwo Szkoły Wyższej im. Bogdana Jańskiego
|4 pbl
|9 718386
|
| 919 |
|
|
|a 978-80-561-0376-0
|
| 919 |
|
|
|a 978-83-87897-20-8
|
| 958 |
|
|
|a NB
|
| 999 |
|
|
|c 1121837
|d 1123767
|
| 952 |
|
|
|a SNK
|b SNK
|y PREZ
|7 0
|p 17A1415368
|o snkSC 187808
|i snk2020/3024
|8 0
|0 0
|1 0
|4 0
|d 2020-02-10
|f 1
|l 0
|r 2026-02-24 18:34:23
|w 2026-02-24
|
| 952 |
|
|
|a SNK
|b SNK
|y VYP
|7 0
|p 17A1415369
|o snkSC 187808 D1
|i snk2020/3025
|8 0
|0 0
|1 0
|4 0
|d 2020-02-10
|l 0
|r 2026-02-24 18:34:23
|w 2026-02-24
|